| 000 | 00808nam a2200265Ia 4500 | ||
|---|---|---|---|
| 003 | OSt | ||
| 005 | 20220928113031.0 | ||
| 006 | a|||||r|||| 00| 0 | ||
| 007 | ta | ||
| 008 | 220927b |||||||| |||| 00| 0 eng d | ||
| 020 | _c2545.75 | ||
| 024 | _a129542 | ||
| 037 |
_b232, 15/03/2016, N.R.Book Distributors _cTextual |
||
| 040 |
_aSDCL _cSDCL _beng |
||
| 041 |
_2eng _aeng |
||
| 082 | _aI,12:7, Q6 | ||
| 100 |
_aBhojwani S. S. _9420026 |
||
| 245 | 0 |
_aPlant tissue culture _b Theory and practice |
|
| 260 |
_aAmsterdam _bNorth Holland _c2016 |
||
| 300 |
_av-767p _ccm. |
||
| 650 |
_aPlant Molecular SAP _9431345 |
||
| 700 |
_a Razdan M. K. _9420027 |
||
| 942 |
_hI,12:7, Q6 _cTEXL _2CC |
||
| 999 |
_c747783 _d747783 |
||